LEADER 01043nam0 22002651i 450 001 UON00323403 005 20231205104149.949 010 $a978-22-960510-4-1 100 $a20090505d2008 |0itac50 ba 101 $afre 102 $aFR 105 $a|||| ||||| 200 1 $aBlack feminism$eanthologie du féminisme africain-américain, 1975-2000$fMichele Wallace ... [et alii]$gtextes choisis et présentés par Elsa Dorlin.- Paris$eL'Harmattan, c2008 210 $a260 p.$a21 cm. 606 $aFemminismo$3UONC039105$2FI 620 $aFR$dParis$3UONL002984 700 1$aWALLACE$bMichele$3UONV124752$0681966 702 1$aDORLIN$bElsa$3UONV185330 712 $aL'Harmattan$3UONV246057$4650 801 $aIT$bSOL$c20251003$gRICA 899 $aSIBA - SISTEMA BIBLIOTECARIO DI ATENEO$2UONSI 912 $aUON00323403 950 $aSIBA - SISTEMA BIBLIOTECARIO DI ATENEO$dSI EUR D A 3057 $eSI SC 45492 5 3057 $sBuono 996 $aBlack feminism$91372021 997 $aUNIOR LEADER 01452nam0 22002891i 450 001 UON00291778 005 20231205103924.725 100 $a20070403d1879 |0itac50 ba 101 $agot 102 $aDE 105 $a|||| 1|||| 200 1 $aGeschichte der deutschen Literatur im achtzehnten Jahrhundert. 3. Buch$eDas klassische Zeitalter der deutschen Literatur, 1. Abteilung$eDie Sturm- und Drangperiode$fHermann Hettner 205 $a3. umgearbeitete Aufl 210 $aBraunschweig$cDruck und Verlag von Friedrich Bieweg und Sohn$d1879 215 $a420 p.$d21 cm. 410 1$1001UON00291777$12001 $aLiteraturgeschichte des achtzehnten Jahrhunderts$ein drei Theilen$1210 $aBraunschweig$cDruck und Verlag von Friedrich Bieweg und Sohn$d19-$v3/1 606 $aLetteratura tedesca$xStoria$xSec. 18$3UONC061976$2FI 620 $dBraunschweig$3UONL000950 676 $a830.09$cLetteratura tedesca. Storia, descrizione, studi critici$v21 700 1$aHETTNER$bHermann$3UONV167068$0191134 712 $aBieweg und Sohn$3UONV273113$4650 801 $aIT$bSOL$c20251003$gRICA 899 $aSIBA - SISTEMA BIBLIOTECARIO DI ATENEO$2UONSI 912 $aUON00291778 950 $aSIBA - SISTEMA BIBLIOTECARIO DI ATENEO$dSI S.C VI D 076 b $eSI ST 3931 7 076 b 996 $aGeschichte der deutschen Literatur im achtzehnten Jahrhundert. 3. Buch$91851041 997 $aUNIOR